Normal view
MARC view
Entry Personal Name
001 - CONTROL NUMBER
- control field: 11272
003 - CONTROL NUMBER IDENTIFIER
- control field: OSt
005 - DATE AND TIME OF LATEST TRANSACTION
- control field: 20161110132541.0
008 - FIXED-LENGTH DATA ELEMENTS
- fixed length control field: 161110|| aca||aabn | a|a d
040 ## - CATALOGING SOURCE
- Original cataloging agency: OSt
- Transcribing agency: OSt
100 ## - HEADING--PERSONAL NAME
- Personal name: Mohring,R.Jerry;[et....al]
670 ## - SOURCE DATA FOUND
- Source citation: Work cat.: (OSt): Mohring,R.Jerry;[et....al], Modern Projects and Experiements in Organic Chemistry., 2003.
